Was ist es? (Vögel und Insekten) - Statistiken

Allgemein
  • Dieses Quiz wurde 134 mal gespielt
    113 seit der letzten Aktualisierung
  • Das Durchschnittsergebnis liegt bei 13 aus 28
Antwortstatistiken
Hint Antwort % Korrekt
die Ente duck
93%
die Biene bee
90%
der Adler eagle
85%
die Fliege fly
84%
die Eule owl
84%
die Spinne spider
83%
der Schmetterling butterfly
82%
die Krähe crow
65%
die Taube pigeon
58%
die Wespe wasp
55%
der Falke falcon
53%
die Motte moth
44%
die Hornisse hornet
43%
der Papagei parrot
38%
die Mücke mosquito
33%
der Floh flea
29%
die Libelle dragonfly
27%
der Pfau peacock
26%
der Greifvogel hawk
25%
die Nachtigall nightingale
24%
das Rotkehlchen robin
24%
die Küchenschabe cockroach
22%
die Möwe gull
22%
der Spatz sparrow
20%
der Kuckuck cuckoo
18%
der Specht woodpecker
18%
die Lerche lark
16%
die Heuschrecke grasshopper
12%
Keine übereinstimmenden Quizze gefunden
Verteilung der Resultate
Anzahl Personen mit jedem Resultat
Perzentil nach korrekt beantworteten Fragen
Ihre Resultats-Entwicklung
Sie haben dieses Quiz seit der letzten Aktualisierung nicht gespielt